| 000 -CABECERA |
| fixed length control field |
00891nam a22002177a 4500 |
| 003 - IDENTIFICADOR DEL NÚMERO DE CONTROL |
| control field |
AR-CdUCM |
| 008 - DATOS DE LONGITUD FIJA--INFORMACIÓN GENERAL |
| fixed length control field |
190220b ||||| |||| 00| 0 spa d |
| 040 ## - FUENTE DE LA CATALOGACIÓN |
| Agencia/entidad que catalogó originalmente la obra |
MUNICIPALIDAD PROVINCIAL DEL CUSCO |
| Entidad que transcribió la catalogación |
BIBLIOTECA MUNICIPAL DEL CUSCO |
| 082 ## - NÚMERO DE LA CLASIFICACIÓN DECIMAL DEWEY |
| No. de Clasificación |
869.521 / |
| Notacion interna |
P45 |
| 100 ## - ENTRADA PRINCIPAL--NOMBRE DE PERSONA |
| Nombre Personal |
Pérez Ocampo, Gustavo |
| 245 ## - MENCIÓN DE TÍTULO |
| Título |
Literatura y Educación : |
| Resto del título |
En Los Comentarios Reales del Inca Garcilaso / |
| 260 ## - PUBLICACIÓN, DISTRIBUCIÓN, ETC. |
| Lugar de publicación, distribución, etc. |
Cusco : |
| Nombre de la editorial, distribuidor, etc. |
Editorial Andina S.R.Ltda, |
| Fecha de publicación, distribución, etc. |
1989. |
| 300 ## - DESCRIPCIÓN FÍSICA |
| Nº de Páginas Extensión |
52 paginas ; |
| Dimensiones |
20 cm. |
| 505 ## - NOTA DE CONTENIDO CON FORMATO |
| Nota de contenido formateada |
Contenido: Cronología del Inca Garcilaso de la Vega -- Ubicación y deslinde -- Periplo vital -- Los Comentarios Reales: Estética y literatura -- Los Comentarios Reales: escorzo educativo ... |
| 650 ## - PUNTO DE ACCESO ADICIONAL DE MATERIA--TÉRMINO DE MATERIA |
| Descriptor |
Garcilaso de la Vega |
| 9 (RLIN) |
61 |
| 650 ## - PUNTO DE ACCESO ADICIONAL DE MATERIA--TÉRMINO DE MATERIA |
| Descriptor |
Comentarios Reales |
| 9 (RLIN) |
62 |
| 650 ## - PUNTO DE ACCESO ADICIONAL DE MATERIA--TÉRMINO DE MATERIA |
| Descriptor |
Cronologia |
| 9 (RLIN) |
63 |
| 650 ## - PUNTO DE ACCESO ADICIONAL DE MATERIA--TÉRMINO DE MATERIA |
| Descriptor |
Literatura y Pedagogía |
| 9 (RLIN) |
64 |
| 942 ## - ELEMENTOS DE PUNTO DE ACCESO ADICIONAL (KOHA) |
| Fuente de clasificación |
|
| Tipo de item |
Libros-BMC |
| 945 ## - PROCESAMIENTO DE INFORMACIÓN LOCAL (OCLC) |
| Catalogador |
rum |
| AAAA-MM-DD - Fecha de ingreso o modificacion |
2019-02-20 |